000 01019cam a2200313 a 4500
001 13929156
003 OSt
005 20110602110904.0
008 040401s2000 ug l 001 0 eng
010 _a 2005327015
035 _a(DLC) 2005327015
040 _aDLC
_cDLC
_dDLC
042 _alcode
043 _af-ug---
050 0 0 _aKTW1.9
_b2000
082 0 0 _a348.6761 LAW
_222
110 1 _aUganda.
_9554
240 1 0 _aLaws, etc. (Laws of the Republic of Uganda)
245 1 0 _aLaws of the Republic of Uganda Enacted in 2003 /
260 _a[Kampala? :
_bUganda Law Reform Commission,
_c2003.
300 _a24 v. ;
_c28 cm.
650 0 _aLaw
_zUganda.
_95093
700 1 _aNsanze, Vastina Rukimirana.
_95082
700 1 _aBateson, Ann L.
_95083
906 _a7
_bcbc
_corigode
_d2
_encip
_f20
_gy-gencatlg
942 _2ddc
_cREF
999 _c2323
_d2323